000 00305nam a22001337a 4500
008 181023b xxu||||| |||| 00| 0 eng d
020 _a9780393935431
041 _aeng
080 _a941
100 _a17
101 _aHIS
245 _aGive me Liberty! An American History.
_cFoner, E
942 _2udc
_cBK
999 _c50735
_d50735